Turbo Pascal : An introduction to the art and science of programming /

Salvato in:
Dettagli Bibliografici
Autore principale: Savitch, Walter J (Autore)
Natura: Libro
Lingua:inglese
Pubblicazione: Redwood City : The Benjamin/Cummings Publ.Comp, 1992
Edizione:3.ed.
Soggetti:
Tags: Aggiungi Tag
Nessun Tag, puoi essere il primo ad aggiungerne!!

MARC

LEADER 00000nam a22000003a 4500
001 stu4982
005 20201002114249.1
008 931215s1992----xxu-----------------eng-d
020 |a 0-8053-7021-8 
040 |a STU  |b slo 
041 0 |a eng 
044 |a xxu 
080 |a Turbo Pascal 
080 |a 519.682 
080 |a 681.32.06 
100 1 |a Savitch, Walter J  |4 aut 
245 1 |a Turbo Pascal :  |b An introduction to the art and science of programming /  |c [aut.] Savitch,Walter J 
250 |a 3.ed. 
260 |a Redwood City :  |b The Benjamin/Cummings Publ.Comp,  |c 1992 
300 |a 683 s :  |b príl 
650 7 |a programovacie jazyky  |2 stusub 
996 |b E78566  |c E*78566  |l EE03  |s P  |a 0  |w stu4982_0001 
996 |b 284EK07648  |c E*78556  |l EE01  |s A  |a 24  |w stu4982_0002